Dr. S. R. Lasker Library Online Catalogue

Home      Library Home      Institutional Repository      E-Resources      MyAthens      EWU Home

Strategic management : (Record no. 5140)

MARC details
000 -LEADER
fixed length control field 01294nam a2200361 a 4500
001 - CONTROL NUMBER
control field 5140
003 - CONTROL NUMBER IDENTIFIER
control field BD-DhEWU
005 - DATE AND TIME OF LATEST TRANSACTION
control field 20190416020001.0
008 - FIXED-LENGTH DATA ELEMENTS--GENERAL INFORMATION
fixed length control field 171112s2011 ohua g b 001 0 eng d
020 ## - INTERNATIONAL STANDARD BOOK NUMBER
International Standard Book Number 9780538753098
International Standard Book Number 0538753099
035 ## - SYSTEM CONTROL NUMBER
System control number (OCLC)430053344
040 ## - CATALOGING SOURCE
Original cataloging agency BD-DhEWU
Modifying agency BD-DhEWU
Language of cataloging eng
Transcribing agency BD-DhEWU
041 ## - LANGUAGE CODE
Language code of text/sound track or separate title eng
082 04 - DEWEY DECIMAL CLASSIFICATION NUMBER
Classification number 658.4012
Item number HIS 2011
100 1# - MAIN ENTRY--PERSONAL NAME
Personal name Hitt, Michael A.
9 (RLIN) 21219
245 10 - TITLE STATEMENT
Title Strategic management :
Remainder of title competitiveness and globalization : concepts /
Statement of responsibility, etc Michael A Hitt, R Duane Ireland and Robert E Hoskisson.
250 ## - EDITION STATEMENT
Edition statement 9th ed.
260 ## - PUBLICATION, DISTRIBUTION, ETC. (IMPRINT)
Place of publication, distribution, etc Mason, OH :
Name of publisher, distributor, etc South-Western Cengage Learning,
Date of publication, distribution, etc 2011.
300 ## - PHYSICAL DESCRIPTION
Extent xxii, 402 p. :
Other physical details ill. ;
Dimensions 26 cm.
504 ## - BIBLIOGRAPHY, ETC. NOTE
Bibliography, etc Includes bibliographical references and index.
526 ## - STUDY PROGRAM INFORMATION NOTE
Program name BA
590 ## - LOCAL NOTE (RLIN)
Local note Sagar Shahanawaz
650 ## - SUBJECT ADDED ENTRY--TOPICAL TERM
Topical term or geographic name as entry element Strategic planning.
9 (RLIN) 21220
Topical term or geographic name as entry element Industrial management.
9 (RLIN) 21221
700 1# - ADDED ENTRY--PERSONAL NAME
Personal name Ireland, R Duane.
9 (RLIN) 11202
Personal name Hoskisson, Robert E.
9 (RLIN) 21222
856 42 - ELECTRONIC LOCATION AND ACCESS
Materials specified WorldCat details
Uniform Resource Identifier https://www.worldcat.org/title/strategic-management-competitiveness-globalization-concepts/oclc/430053344&referer=brief_results
Materials specified E-book Fulltext
Uniform Resource Identifier http://lib.ewubd.edu/ebook/5140
942 ## - ADDED ENTRY ELEMENTS (KOHA)
Koha item type Text
Source of classification or shelving scheme Dewey Decimal Classification
Koha issues (borrowed), all copies 22
Holdings
Withdrawn status Lost status Source of classification or shelving scheme Damaged status Not for loan Collection code Home library Current library Shelving location Date acquired Source of acquisition Cost, normal purchase price Total Checkouts Full call number Barcode Date last seen Copy number Price effective from Koha item type Date checked out Total Renewals
    Dewey Decimal Classification   Not For Loan Non-fiction Dr. S. R. Lasker Library, EWU Dr. S. R. Lasker Library, EWU Reserve Section 05/11/2017 Bangaldesh Photostat 1027.00   658.4012 HIS 2011 28715 12/11/2017 C-1 12/11/2017 Text    
    Dewey Decimal Classification     Non-fiction Dr. S. R. Lasker Library, EWU Dr. S. R. Lasker Library, EWU Circulation Section 05/11/2017 Bangaldesh Photostat 1027.00 8 658.4012 HIS 2011 28716 06/03/2024 C-2 12/11/2017 Text 03/03/2024  
    Dewey Decimal Classification     Non-fiction Dr. S. R. Lasker Library, EWU Dr. S. R. Lasker Library, EWU Circulation Section 05/11/2017 Bangaldesh Photostat 1027.00 5 658.4012 HIS 2011 28717 12/03/2019 C-3 12/11/2017 Text 07/03/2019 1
    Dewey Decimal Classification     Non-fiction Dr. S. R. Lasker Library, EWU Dr. S. R. Lasker Library, EWU Circulation Section 05/11/2017 Bangaldesh Photostat 1027.00 3 658.4012 HIS 2011 28718 24/11/2019 C-4 12/11/2017 Text 13/11/2019  
    Dewey Decimal Classification     Non-fiction Dr. S. R. Lasker Library, EWU Dr. S. R. Lasker Library, EWU Circulation Section 05/11/2017 Bangaldesh Photostat 1027.00 5 658.4012 HIS 2011 28719 17/04/2019 C-5 12/11/2017 Text 15/04/2019 1
    Dewey Decimal Classification     Non-fiction Dr. S. R. Lasker Library, EWU Dr. S. R. Lasker Library, EWU E-book 17/12/2017       658.4012 HIS 2011   17/12/2017   17/12/2017 E-Book